Normal view
MARC view
- أوستن، جين ؛ ترجمة فاروق مجدلاوي
Entry Personal Name
001 - CONTROL NUMBER
- control field: 11978
003 - CONTROL NUMBER IDENTIFIER
- control field: JO-AjAnu
005 - DATE AND TIME OF LATEST TRANSACTION
- control field: 20230606072224.0
008 - FIXED-LENGTH DATA ELEMENTS
- fixed length control field: 230606|| aca||aabn | a|a d
040 ## - CATALOGING SOURCE
- Original cataloging agency: JO-AjAnu
- Transcribing agency: JO-AjAnu
100 ## - HEADING--PERSONAL NAME
- Personal name: أوستن، جين ؛ ترجمة فاروق مجدلاوي
670 ## - SOURCE DATA FOUND
- Source citation: Work cat.: (JO-AjAnu)6169: أوستن، جين ؛ ترجمة فاروق مجدلاوي , author, العقل والعاطفة = SENSE AND SENSIBILITY